00385nam a22001337a 450000500170000000800410001702000170005808200170007510000210009224500170011326000800013030000110021065000300022120260414101912.0260414b |||||||| |||| 00| 0 eng d a979965871058 a155.2bJAM-K aJameel Muhammad  aKidaar Sazi  aPakistan bChaudhary Publichers, Fazal Abad Sharif, Darya Gali Murreec2003 a127 p, aEducation and Humanities